03376cam a22003857i 4500999001900000001000900019003000500028005001700033008004100050010001700091020003100108020002800139035002400167038001100191040008000202042001400282050002400296082001600320100003600336245007600372250002100448264003600469300004600505336002600551337002800577338002700605504005100632505171800683520034802401650003202749700003502781906004502816942001202861952011702873 c527009d52700918816839NUST20190718072718.0151014s2016 njua f b 001 0 eng d a 2015472854 a9780133970777q(hardcover) a0133970779q(hardcover) a(OCoLC)ocn913842106 aArshad aYDXCPbengcYDXCPerdadOCLCOdOCLCQdUMRdBTCTAdBDXdCDXdCUYdOCLCFdDLC alccopycat00aQA76.9.D3bE57 201604a005.74bELM1 aElmasri, Ramez,eauthor.91806710aFundamentals of database systems /cRamez Elmasri, Shamkant B. Navathe. aSeventh edition. 1aHoboken, NJ :bPearson,c[2016] axxx, 1242 pages :billustrations ;c24 cm atextbtxt2rdacontent aunmediatedbn2rdamedia avolumebnc2rdacarrier aIncludes bibliographical references and index.0 aDatabases and Database Users -- Database System Concepts and Architecture -- Data Modeling Using the Entity-Relationship (ER) Model -- The Enhanced Entity-Relationship (EER) Model -- The Relational Data Model and Relational Database Constraints -- Basic SQL -- More SQL: Complex Queries, Triggers, Views, and Schema Modification -- The Relational Algebra and Relational Calculus -- Relational Database Design by ER- and EER-to-Relational Mapping -- Introduction to SQL Programming Techniques -- Web Database Programming Using PHP -- Object and Object-Relational Databases -- XML: Extensible Markup Language -- Basics of Functional Dependencies and Normalization for Relational Databases -- Relational Database Design Algorithms and Further Dependencies -- Disk Storage, Basic File Structures, Hashing, and Modern Storage Architectures -- Indexing Structures for Files and Physical Database Design -- Strategies for Query Processing -- Query Optimization -- Introduction to Transaction Processing Concepts and Theory -- Concurrency Control Techniques -- Database Recovery Techniques -- Distributed Database Concepts -- NOSQL Databases and Big Data Storage Systems -- Big Data Technologies Based on MapReduce and Hadoop -- Enhanced Data Models: Introduction to Active, Temporal, Spatial, Multimedia, and Deductive Databases -- Introduction to Information Retrieval and Web Search -- Data Mining Concepts -- Overview of Data Warehousing and OLAP -- Database Security -- Appendix A, Alternative Diagrammatic Notations for ER Models -- Appendix B, Parameters of Discs -- Appendix C, Overview of the QBE Language -- Appendix D, Overview of the Hierarchical Data Models -- Appendix E, Overview of the Network Data Model. a"This book introduces the fundamental concepts necessary for designing, using, and implementing database systems and database applications. Our presentation stresses the fundamentals of database modeling and design, the languages and models provided by the database management systems, and database system implementation techniques"--Page vii. 0aDatabase management.9180681 aNavathe, Sham,eauthor.918069 a7bcbcccopycatd2encipf20gy-gencatlg 2ddccBK 00102ddc4070aNQCbNQCcCARTd2019-07-18ePurchasedg0.00l0o005.74 ELMpQ-58r2019-07-18t1w2019-07-18yBK